The causes of structural unemployment : (Record no. 21213)
[ view plain ]
| 000 -LEADER | |
|---|---|
| fixed length control field | 01162cam a22003375a 4500 |
| 001 - CONTROL NUMBER | |
| control field | ybp11955182 |
| 003 - CONTROL NUMBER IDENTIFIER | |
| control field | OSt |
| 005 - DATE AND TIME OF LATEST TRANSACTION | |
| control field | 20160222142008.0 |
| 008 - FIXED-LENGTH DATA ELEMENTS--GENERAL INFORMATION | |
| fixed length control field | 140707s2014 enka frb 001 0 eng d |
| 020 ## - INTERNATIONAL STANDARD BOOK NUMBER | |
| Cancelled/invalid ISBN | 9780745670287 (pbk.) |
| 020 ## - INTERNATIONAL STANDARD BOOK NUMBER | |
| Cancelled/invalid ISBN | 0745670288 (pbk.) |
| 040 ## - CATALOGING SOURCE | |
| Original cataloging agency | NhCcYBP |
| Transcribing agency | NhCcYBP |
| Language of cataloging | eng |
| Modifying agency | EG-ScBUE |
| 082 04 - DEWEY DECIMAL CLASSIFICATION NUMBER | |
| Classification number | 331.137 |
| Edition number | 22 |
| Item number | JAN |
| 100 1# - MAIN ENTRY--PERSONAL NAME | |
| Personal name | Janoski, Thomas. |
| 9 (RLIN) | 39414 |
| 245 14 - TITLE STATEMENT | |
| Title | The causes of structural unemployment : |
| Remainder of title | four factors that keep people from the jobs they deserve / |
| Statement of responsibility, etc | Thomas Janoski, David Luke, and Christopher Luke. |
| 260 ## - PUBLICATION, DISTRIBUTION, ETC. (IMPRINT) | |
| Place of publication, distribution, etc | Cambridge ; |
| -- | Malden : |
| Name of publisher, distributor, etc | Polity Press, |
| Date of publication, distribution, etc | 2014. |
| 300 ## - PHYSICAL DESCRIPTION | |
| Extent | xiv, 224 p. : |
| Other physical details | ill. ; |
| Dimensions | 24 cm. |
| 490 0# - Series Statement | |
| Series statement | Work & society series. |
| 500 ## - GENERAL NOTE | |
| General note | Description based on print version record. |
| 500 ## - GENERAL NOTE | |
| General note | Includes indexes. |
| 504 ## - BIBLIOGRAPHY, ETC. NOTE | |
| Bibliography, etc | Bibliography : p. 190-213. |
| 650 #0 - SUBJECT ADDED ENTRY--TOPICAL TERM | |
| Topical term or geographic name as entry element | Structural unemployment. |
| Source of heading or term | BUEsh |
| 650 #0 - SUBJECT ADDED ENTRY--TOPICAL TERM | |
| Topical term or geographic name as entry element | Labor market. |
| Source of heading or term | BUEsh |
| 9 (RLIN) | 27504 |
| 651 ## - SUBJECT ADDED ENTRY--GEOGRAPHIC NAME | |
| Source of heading or term | BUEsh |
| 653 ## - INDEX TERM--UNCONTROLLED | |
| Resource For college | BAEPS, Economics |
| Arrived date list | February2016 |
| 700 1# - ADDED ENTRY--PERSONAL NAME | |
| Personal name | Luke, David. |
| 700 1# - ADDED ENTRY--PERSONAL NAME | |
| Personal name | Oliver, Christopher. |
| 710 2# - ADDED ENTRY--CORPORATE NAME | |
| Corporate name or jurisdiction name as entry element | ebrary, Inc. |
| 776 08 - ADDITIONAL PHYSICAL FORM ENTRY | |
| Qualifying information | Original |
| International Standard Book Number | 9780745670270 |
| -- | 074567027X |
| -- | 9780745670287 |
| -- | 0745670288 |
| 942 ## - ADDED ENTRY ELEMENTS (KOHA) | |
| Source of classification or shelving scheme | Dewey Decimal Classification |
| Withdrawn status | Item status | Source of classification or shelving scheme | Damaged status | Not for loan | Vendor | Home library | Current library | Shelving location | Date acquired | Source of acquisition | Cost, normal purchase price | Serial Enumeration / chronology | Total Checkouts | Total Renewals | Full call number | Barcode | Date last seen | Date last borrowed | Cost, replacement price | Koha item type |
|---|---|---|---|---|---|---|---|---|---|---|---|---|---|---|---|---|---|---|---|---|
| Dewey Decimal Classification | Academic Bookshop | Central Library | Central Library | First floor | 22/02/2016 | Purchase | 206.00 | 4864 | 1 | 12 | 331.137 JAN | 000031644 | 15/07/2025 | 22/11/2016 | 257.50 | Book - Borrowing | ||||
| Dewey Decimal Classification | Academic Bookshop | Central Library | Central Library | First floor | 22/02/2016 | Purchase | 206.00 | 4864 | 1 | 331.137 JAN | 000031645 | 15/07/2025 | 22/11/2016 | 257.50 | Book - Borrowing |